000 00987nam a2200289 i 4500
001 bg
003 BPK
005 20190719115225.0
008 980627s1997 pl f f |000 0 pol
015 _aPB 1998/8341
020 _a8387424161
040 _aWA N
_cWA N
080 _a347(438)
080 _a(075.8)
100 1 _aSalik, Halina.
245 1 0 _aPrawo cywilne dla ekonomistów /
_cHalina Salik, Piotr Tykarski ; Politechnika Koszalińska.
260 _aKoszalin :
_bWydaw. Uczelniane PK,
_c1997.
300 _a225 s. ;
_c23 cm.
504 _aBibliogr. s. 223-224.
521 _aSkrypt Instytutu Zarządzania i Marketingu.
650 4 _aPrawo cywilne
_zPolska.
655 4 _aPodręczniki akademickie
700 1 _aTykarski, Piotr.
710 2 _aPolitechnika Koszalińska.
_bWydawnictwo Uczelniane.
_4pbl.
942 _2UKD
_cKS
856 _uhttp://koha.tu.koszalin.pl/cgi-bin/koha/opac-detail.pl?biblionumber=32154
_yKatalog online BPK
999 _c32154
_d32154